000 01935nam a2200493 i 4500
001 15319
003 KOSZ 005
005 20240405063023.0
008 200409s1972 pl a f 000 0 pol d
040 _aKOSZ 005
_cKOSZ 005/RW
041 0 _apol
_beng
_brus
045 _bd1945
_bd1990
046 _k1972
080 _a316.344-057.875
080 _a32.019.5
100 1 _aPrzecławska, Anna
_d(1929-2010)
_eAutor
245 1 0 _aWiedza polityczna studentów :
_bwyniki badań sondażowych /
_cAnna Przecławska, Jan K. Sawa ; Ministerstwo Nauki, Szkolnictwa Wyższego i Techniki. Międzyuczelniany Zakład Badań nad Szkonictwem Wyższym. Pracownia Badań Socjologicznych.
260 _aWarszawa :
_bPaństwowe Wydawnictwo Naukowe,
_c1972.
300 _a75, [6] stron :
_bilustracje ;
_c24 cm.
336 _aTekst
_btxt
_2rdacontent
337 _aBez urządzenia posredniczacego
_bn
_2rdamedia
338 _aWolumin
_bnc
_2rdacarrier
380 _aKsiążki
380 _aPublikacje naukowe
388 _a1901-2000
388 _a1945-1989
490 1 _aRaporty z Badań - Międzyuczelniany Zakład Badań nad Szkolnictwem Wyższym
506 _aDo użytku wewnętrznego.
546 _aStreszczenie w języku angielskim i rosyjskim.
648 7 _a1901-2000
648 7 _a1945-1989
650 7 _aStudenci
650 7 _aZainteresowania
650 7 _aPolityka
651 7 _aPolska
655 7 _aRaport z badań
658 _aPolityka, politologia, administracja publiczna
658 _aSocjologia i społeczeństwo
700 1 _aSawa, Jan K.
_eAutor
710 2 _aPaństwowe Wydawnictwo Naukowe
_4pbl
830 0 _aRaporty z Badań - Międzyuczelniany Zakład Badań nad Szkolnictwem Wyższym
856 _uhttp://koha.tu.koszalin.pl/cgi-bin/koha/opac-detail.pl?biblionumber=15319
_yKatalog online BPK
942 _2UKD
_cKS
999 _c15319
_d15319